000 00688nam a2200205Ii 4500
003 JO-AjNU
008 230605s9999||||xx |||||||||||||| ||und||
040 _aJO-AjNU
_bara
_erda
_cJO-AjNU
041 _aara
050 1 4 _aBP144.2.C65.K4922 2001
100 3 _aشواط، الحسين ، عبد الحق حميش,
_eauthor
_929932
245 0 0 _aفقه العقود المالية
250 _aط1
264 3 1 _aعمان: دار البيارق للطباعة والنشر والتوزيع، 2001
300 _a286ص
336 _atext
_btxt
_2rdacontent
337 _aunmediated
_bn
_2rdamedia
338 _avolume
_bnc
_2rdacarrier
650 4 _aالعقود-فقه اسلامي
_929933
999 _aA11803
_c15371
_d15371